000 00957nam a2200241 i 4500
001 169200
003 ES-MaACL
005 20260612132718.0
008 080822s19581958sp |||| | spa d
017 _aM 11.213-1958
080 _a73 Brancusi, Constantin
100 1 _aUscatescu, Jorge,
_d1919-1995
_9112293
245 1 0 _aConstantin Brancusi /
_cGeorge Uscatescu.
260 _aMadrid :
_bAteneo,
_c1958 (
_f"Ediciones Castilla")
300 _a25 p., [10] p. de lám., [3] h. de lám. ;
_c19 cm.
490 1 _aO crece o muere ;
_v129
500 _a"El original de este cuaderno fué dado a conocer por el autor en la campaña de colaboración cultural en los Ateneos de España durante el curso 1957-58"
600 1 7 _aBrancusi, Constantin,
_d1876-1957
_9138276
610 2 _aAteneo de Madrid-
_vConferencias-
_y1940-1982.
_91908
830 0 0 _aColección "O crece o muere"
_v129
_9183476
852 4 _aES-MaACL
_j2243-F-1
999 _c169200
_d169200